Low- Speed Aerodynamics (Record no. 35806)

MARC details
000 -LEADER
fixed length control field 00450nam a22001937a 4500
003 - CONTROL NUMBER IDENTIFIER
control field OSt
005 - DATE AND TIME OF LATEST TRANSACTION
control field 20230130144949.0
008 - FIXED-LENGTH DATA ELEMENTS--GENERAL INFORMATION
fixed length control field 230130b |||||||| |||| 00| 0 eng d
020 ## - INTERNATIONAL STANDARD BOOK NUMBER
International Standard Book Number 9780521665520
040 ## - CATALOGING SOURCE
Transcribing agency HU
050 ## - LIBRARY OF CONGRESS CALL NUMBER
Classification number 624.032/KAT/2008
Item number 4
082 ## - DEWEY DECIMAL CLASSIFICATION NUMBER
Edition number 2ed
Classification number 624.032/KAT/2008
Item number 4
100 ## - MAIN ENTRY--PERSONAL NAME
Personal name KatzJoseph
9 (RLIN) 37363
245 ## - TITLE STATEMENT
Title Low- Speed Aerodynamics
250 ## - EDITION STATEMENT
Edition statement 2ed
260 ## - PUBLICATION, DISTRIBUTION, ETC.
Name of publisher, distributor, etc. Cambridge
300 ## - PHYSICAL DESCRIPTION
Type of unit 613
942 ## - ADDED ENTRY ELEMENTS (KOHA)
Source of classification or shelving scheme Dewey Decimal Classification
Koha item type Books like text book referance book
Suppress in OPAC No
Holdings
Withdrawn status Lost status Source of classification or shelving scheme Damaged status Not for loan Home library Current library Shelving location Date acquired Total Checkouts Full call number Barcode Date last seen Copy number Price effective from Koha item type
    Dewey Decimal Classification     IoT Library IoT Library General Stacks 01/30/2023   629.132/KAT/2008 IOTL0022345 01/30/2023 1 01/30/2023 Books like text book referance book
    Dewey Decimal Classification     IoT Library IoT Library General Stacks 01/30/2023   629.132/KAT/2008 IOTL0022346 01/30/2023 2 01/30/2023 Books like text book referance book
    Dewey Decimal Classification     IoT Library IoT Library General Stacks 01/30/2023   629.132/KAT/2008 IOTL0022347 01/30/2023 3 01/30/2023 Books like text book referance book
    Dewey Decimal Classification     IoT Library IoT Library General Stacks 01/30/2023   629.132/KAT/2008 IOTL0022348 01/30/2023 4 01/30/2023 Books like text book referance book